| 000 | 00753nam a2200217 i 4500 | ||
|---|---|---|---|
| 001 | 42420 | ||
| 003 | ES-MaACL | ||
| 005 | 20230906160616.0 | ||
| 007 | t| | ||
| 008 | 030320s1871 sp ||||1| spa d | ||
| 080 | _a336.27(460) | ||
| 100 | 1 |
_aAbad de Aparicio, Hilario _917922 |
|
| 245 | 1 | 0 |
_aProyecto de unas bases para la unificación y amortización de la deuda pública de España / _cpor H. Abad de Aparicio. |
| 260 |
_aMadrid : _bMoya y Plaza, _c1871. |
||
| 300 |
_aVI, 24 p. ; _c21 cm. |
||
| 530 | _aDisponible en formato digital. | ||
| 650 | 4 |
_aDeuda pública- _zEspaña. _9135920 |
|
| 852 | 4 |
_aES-MaACL _jT-148-F-3 |
|
| 856 | 4 |
_uhttp://bdh-rd.bne.es/viewer.vm?id=0000051775&page=1 _zBiblioteca Digital Hispánica |
|
| 999 |
_c42420 _d42420 |
||